Statistics for 2023-24 NHL PLAYER BY PICTURE #3

Click here to take the quiz!

General Stats

  • This quiz has been taken 51 times
  • The average score is 11 of 16

Answer Stats

Answer% Correct
Trevor Zegras
95%
Steven Stamkos
93%
Mark Stone
90%
Aleksander Barkov
88%
Morgan Rielly
78%
Alex DeBrincat
75%
Juuse Saros
73%
Tomas Hertl
73%
Connor Hellebuyck
70%
Jesper Bratt
68%
Matt Duchene
65%
Mattias Ekholm
60%
Adrian Kempe
58%
Brandon Montour
43%
Brock Faber
35%
Yegor Sharangovich
23%

Score Distribution

Percentile by Number Answered

Percent of People with Each Score

Your Score History

You have not taken this quiz